Cruise operations management / (Record no. 117873)
[ view plain ]
| 000 -LEADER | |
|---|---|
| fixed length control field | 00557nam a2200193Ia 4500 |
| 003 - CONTROL NUMBER IDENTIFIER | |
| control field | SISC |
| 005 - DATE AND TIME OF LATEST TRANSACTION | |
| control field | 20170116101314.0 |
| 008 - FIXED-LENGTH DATA ELEMENTS--GENERAL INFORMATION | |
| fixed length control field | 140529s9999 xx 000 0 und d |
| 020 ## - INTERNATIONAL STANDARD BOOK NUMBER | |
| International Standard Book Number | 9780415699532 |
| 050 ## - LIBRARY OF CONGRESS CALL NUMBER | |
| Classification number | G 550 |
| Item number | .G53 2012 |
| 100 ## - MAIN ENTRY--PERSONAL NAME | |
| Personal name | Gibson, Philip. |
| 245 ## - TITLE STATEMENT | |
| Title | Cruise operations management / |
| Statement of responsibility, etc | Philip Gibson. |
| 250 ## - EDITION STATEMENT | |
| Edition statement | 2nd edition. |
| 260 ## - PUBLICATION, DISTRIBUTION, ETC. (IMPRINT) | |
| Place of publication, distribution, etc | London ; New York : |
| Name of publisher, distributor, etc | Routledge, |
| Date of publication, distribution, etc | 2012. |
| 300 ## - PHYSICAL DESCRIPTION | |
| Extent | 312 pages : |
| Other physical details | ill. ; |
| Dimensions | 24 cm. |
| 500 ## - GENERAL NOTE | |
| General note | Includes bibliographical references and index. |
| 942 ## - ADDED ENTRY ELEMENTS (KOHA) | |
| Call number prefix | Foreign |
| Koha item type | Books |
| Source of classification or shelving scheme | Library of Congress Classification |
| Withdrawn status | Lost status | Damaged status | Home library | Current library | Shelving location | Date acquired | Cost, normal purchase price | Total Checkouts | Total Renewals | Full call number | Barcode | Date last seen | Date checked out | Price effective from | Koha item type |
|---|---|---|---|---|---|---|---|---|---|---|---|---|---|---|---|
| College Library | College Library | Reserve Section | 05/30/2014 | 3092.00 | 2 | 39 | G 550 .G53 2012 | C16320 | 05/03/2018 | 05/31/2017 | 05/30/2014 | Books |